Human detection and alert generation system from live and recorded camera feeds (Record no. 6548)

MARC details
000 -LEADER
fixed length control field 01392nam a22001937a 4500
003 - CONTROL NUMBER IDENTIFIER
control field OSt
005 - DATE AND TIME OF LATEST TRANSACTION
control field 20220107122852.0
008 - FIXED-LENGTH DATA ELEMENTS--GENERAL INFORMATION
fixed length control field 190705b xxu||||| |||| 00| 0 eng d
040 ## - CATALOGING SOURCE
Transcribing agency IIITMK
100 ## - MAIN ENTRY--PERSONAL NAME
Personal name Omraj Kumar (92217017)
9 (RLIN) 16080
245 ## - TITLE STATEMENT
Title Human detection and alert generation system from live and recorded camera feeds
300 ## - PHYSICAL DESCRIPTION
Extent MSC DA 2017-2019
500 ## - GENERAL NOTE
General note Real-time object detection and tracking is a vast, vibrant yet inconclusive and<br/>complex area of computer vision. Due to its increased utilization in surveillance,<br/>tracking system used in security and many others applications have<br/>propelled researchers to continuously devise more ecient and competitive<br/>algorithms. However, problems emerge in implementing object detection and<br/>tracking in real-time; such as tracking under dynamic environment, expensive<br/>computation to t the real-time performance, or multi-camera multi-objects<br/>tracking make this task strenuously dicult. Though, many methods and<br/>techniques have been developed, but in this literature review we have discussed<br/>some famous and basic methods of object detection and tracking. In the end<br/>we have also given their general applications and results.
502 ## - DISSERTATION NOTE
Degree type MSC DA
Name of granting institution 2017-2019
Year degree granted INT
-- Dr Manoj Kumar T K
650 ## - SUBJECT ADDED ENTRY--TOPICAL TERM
Topical term or geographic name entry element HUMAN DETECTION
9 (RLIN) 16081
650 ## - SUBJECT ADDED ENTRY--TOPICAL TERM
Topical term or geographic name entry element OBJECT DETECTION
9 (RLIN) 16082
650 ## - SUBJECT ADDED ENTRY--TOPICAL TERM
Topical term or geographic name entry element CONVOLUTIONAL NEURAL NETWORKS
9 (RLIN) 16083
942 ## - ADDED ENTRY ELEMENTS (KOHA)
Source of classification or shelving scheme Dewey Decimal Classification
Koha item type
Holdings
Withdrawn status Lost status Source of classification or shelving scheme Damaged status Not for loan Collection code Home library Current library Shelving location Date acquired Total Checkouts Barcode Date last seen Price effective from Koha item type
    Dewey Decimal Classification     Non Fiction IIITM-K Kerala University of Digital Sciences, Innovation and Technology Knowledge Centre   05/07/2019   R-1557 05/07/2019 05/07/2019 Project Reports